Test construction : Development and interpretation achievement tests

Сохранить в:
Библиографические подробности
Главный автор: Wood, Dorothy Adkins
Формат:
Язык:Undetermined
Опубликовано: Columbus, Ohio Charles E. Merrill Books 1961
Предметы:
Метки: Добавить метку
Нет меток, Требуется 1-ая метка записи!
Thư viện lưu trữ: Trung tâm Học liệu Trường Đại học Cần Thơ
LEADER 00561nam a2200193Ia 4500
001 CTU_43147
008 210402s9999 xx 000 0 und d
082 |a 371.3 
082 |b W874 
100 |a Wood, Dorothy Adkins 
245 0 |a Test construction : 
245 0 |b Development and interpretation achievement tests 
245 0 |c Dorothy Adkins Wood 
260 |a Columbus, Ohio 
260 |b Charles E. Merrill Books 
260 |c 1961 
650 |a Study skills,Teaching methods 
904 |i Minh 
980 |a Trung tâm Học liệu Trường Đại học Cần Thơ